[Event "Hong Kong-ch prel"]
[Site "Hong Kong"]
[Date "2016.01.11"]
[Round "2"]
[White "Deng, Yu Dong Michael"]
[Black "Wong, Pui Tak Vito"]
[Result "1-0"]
[WhiteElo "1738"]
[BlackElo "1263"]
[PlyCount "105"]
[EventDate "2016.01.04"]
[EventType "swiss"]
[EventRounds "11"]
[EventCountry "HKG"]
[SourceTitle "EXT 2017"]
[Source "ChessBase"]
[SourceDate "2016.10.25"]
[SourceVersion "1"]
[SourceVersionDate "2016.10.25"]
[SourceQuality "1"]

1. d4 c5 2. d5 Nf6 3. c4 e6 4. Nc3 Be7 5. e4 d6 6. Nf3 0-0 7. Bd3 e5 8. 0-0 Bg4 9. h3 Bh5 10. a3 Nbd7 11. Be3 Re8 12. b4 b6 13. Be2 Nf8 14. Rb1 Bg6 15. Nd2 h6 16. bxc5 bxc5 17. Qa4 a6 18. Rb2 Qd7 19. Qxd7 N8xd7 20. Rfb1 Reb8 21. Bd3 Rxb2 22. Rxb2 Rb8 23. Rxb8+ Nxb8 24. Nb3 Bd8 25. f4 Nbd7 26. f5 Bh5 27. g4 Nxg4 28. hxg4 Bxg4 29. Be2 Nf6 30. Kg2 Bxe2 31. Nxe2 Nxe4 32. Kf3 Nf6 33. Ng3 Nd7 34. Ne4 Bc7 35. Bd2 Nf6 36. Nxf6+ gxf6 37. Bxh6 Kh7 38. Bd2 Kg7 39. Na5 Kf8 40. Nc6 Ke8 41. Bh6 Bd8 42. Bg7 Be7 43. Nxe7 Kxe7 44. Ke4 a5 45. a4 Kd7 46. Bxf6 Ke8 47. Bg5 Kf8 48. Bd2 Ke7 49. Bxa5 Kd7 50. Bd2 Kc7 51. Kf3 Kd7 52. Kg4 Kc7 53. Kg5 1-0